ბათუმის შოთა რუსთაველის სახელმწიფო უნივერსიტეტის ბიბლიოთეკა

წყალმომარაგება 2 ნაწ. წყალმიმღები ნაგებობები: (ბიბ.ჩანაწერი № 38770)

000 -ლიდერი
ფიქსირებული სიგრძის საკონტროლო ველი 01007nam a2200229Ia 4500
001 - საკონტროლო ნომერი
საკონტროლო ველი 5119
003 - საკონტროლო ნომრის იდენტიფიკატორი
საკონტროლო ველი GE_BSU
005 - ბოლო ოპერაციის თარიღი და დრო
საკონტროლო ველი 20190506142109.0
008 - ფიქსირებული სიგრძის მონაცემთა ელემენტები - ზოგადი ინფორმაცია
ფიქსირებული სიგრძის საკონტროლო ველი 181216s1987||||ge |||||||||||||| ||geo||
040 ## - კატალოგიზაციის წყარო
Transcribing agency GE_BSU
041 ## - ენის კოდი
Language code of text/sound track or separate title geo
080 ## - უნივერსალური ათობითი კლასიფიკაციის ინდექსი
Universal Decimal Classification number 628.1(075) ღ-83
100 ## - მთავარი ჩანაწერი - პიროვნების სახელი
Personal name ღოღობერიძე, მ.
9 (RLIN) 787
245 ## - ცნობა სათაურის შესახებ
Title წყალმომარაგება 2 ნაწ. წყალმიმღები ნაგებობები:
Remainder of title სახელმძღვ. /
Statement of responsibility, etc მ. ღოღობერიძე ; რედ. პ. ლაბარტყავა.
264 ## - წარმოების, გამოცემის, დისტრიბუციის და სხვა ცნობები
გამოცემის, წარმოების, დისტრიბუციის... ადგილი თბილისი :
გამოცემის, წარმოების, დისტრიბუციის... სახელწოდება განათლება,
გამოცემის, წარმოების, დისტრიბუციის... თარიღი 1987.
300 ## - ფიზიკური აღწერა
Extent 420 გვ. :
Other physical details ილ. ;
Dimensions 22 სმ.
504 ## - BIBLIOGRAPHY, ETC. NOTE
Bibliography, etc ბიბლიოგრ. : გვ.414.
653 ## - INDEX TERM--UNCONTROLLED
Uncontrolled term წყალმომარაგება
653 ## - INDEX TERM--UNCONTROLLED
Uncontrolled term წყალმიმღები ნაგებობები
700 ## - ADDED ENTRY--PERSONAL NAME
Personal name ლაბარტყავა, პ.
Relator term რედაქტორი
9 (RLIN) 523
942 ## - ADDED ENTRY ELEMENTS (KOHA)
Koha item type წიგნი
Source of classification or shelving scheme
ეგზემპლარები
ჩამოწერის სტატუსი დაკარგული ეგზემპლარის სტატუსი კლასიფიკაციის წყარო ან თაროზე გაწყობის სქემა დაზიანების სტატუსი არ გაიცემა მუდმივი მდებარეობა (დაცვის ადგილი) ამჟამინდელი ადგილსამყოფელი თაროზე განთავსების ადგილი შეძენის თარიღი ღირებულება, შესყიდვის ნორმალური ფასი სრული შენახვის შიფრი შტრიხკოდი ბოლო ოპერაციის თარიღი ეგზემპლარის მიმდევრობითი ნომერი (კეტერი?) ფასის ძალაში შესვლის თარიღი ეგზემპლარის სახეობა საჯარო შენიშვნა
          ტექნოლოგიური ფაკულტეტის ბიბლიოთეკა ტექნოლოგიური ფაკულტეტის ბიბლიოთეკა წიგნსაცავი 2018-12-17 2.40 628.1(075) ღ-83 11727 2018-12-17 11727 2018-12-17 წიგნი 2.40 ლ.
          ტექნოლოგიური ფაკულტეტის ბიბლიოთეკა ტექნოლოგიური ფაკულტეტის ბიბლიოთეკა წიგნსაცავი 2018-12-17 2.40 628.1(075) ღ-83 11729 2018-12-17 11729 2018-12-17 წიგნი 2.40 ლ.
          ტექნოლოგიური ფაკულტეტის ბიბლიოთეკა ტექნოლოგიური ფაკულტეტის ბიბლიოთეკა წიგნსაცავი 2018-12-17 2.40 628.1(075) ღ-83 11728 2018-12-17 11728 2018-12-17 წიგნი 2.40 ლ.